2015 Football League Cup Final (Chelsea vs Tottenham) - Lineups - Statistics

General Stats
  • This quiz has been taken 177 times
  • The average score is 21 of 38
Answer Stats
Position Answer % Correct
GK (C) Hugo Lloris
93%
CF Harry Kane
92%
CB (C) (1:0) John Terry
90%
GK Petr Čech
87%
LW Eden Hazard
83%
LB Danny Rose
82%
CB Gary Cahill
81%
CB Jan Vertonghen
81%
RB Kyle Walker
80%
FW (90+3') (2:0) Diego Costa
79%
AM Christian Eriksen
78%
RB Branislav Ivanović
77%
RW (76') Willian
74%
LB Cesar Azpilicueta
72%
Coach Jose Mourinho
62%
MF (62') Mousa Dembele
61%
CM (88') Cesc Fabregas
60%
MF (71') Erik Lamela
59%
CB Eric Dier
58%
Coach Mauricio Pochettino
58%
CM Ramires
57%
GK Thibaut Courtois
57%
MF (88') Oscar
56%
FW (90+3') Didier Drogba
55%
DF Ben Davies
41%
GK Michel Vorm
40%
DM Kurt Zouma
35%
LW (80') Nacer Chadli
33%
FW (80') Roberto Soldado
30%
CM (71') Ryan Mason
29%
FW Loic Remy
28%
DF Filipe Luis
25%
RW (62') Andros Townsend
21%
CM Nabil Bentaleb
20%
DF Federico Fazio
19%
MF (76') Juan Cuadrado
12%
MF Benjamin Stambouli
10%
DF Nathan Ake
10%
No matching quizzes found
Score Distribution
Percent of People with Each Score
Percentile by Number Answered
Your Score History
You have not taken this quiz